| 000 | 00807nam a2200253 u 4500 | ||
|---|---|---|---|
| 005 | 20230110063533.0 | ||
| 008 | 101012s2005 r 000 0 eng d | ||
| 020 | _a8424106393 (Colección) | ||
| 020 | _a8424106482 | ||
| 035 | _aUPN01000178146 | ||
| 049 | _aI | ||
| 050 | 4 |
_aQ163 _bO5.2 |
|
| 100 | 1 | _aO'Nill, Amanda | |
| 245 | 1 | 4 |
_aLos buitres son calvos : _by otras preguntas sobre pájaros / _cAmanda O'Nill ; tr. Alberto Jiménez Rioja. |
| 260 |
_aLeón, Esp. : _bEverest, _c2005. |
||
| 300 |
_a32 p. : _bil. col. |
||
| 440 | 0 | _aMe pregunto por qué | |
| 440 | 0 | _aMi primera enciclopedia | |
| 534 |
_pTítulo original : _tI wonder why vultures are bald |
||
| 650 | 2 |
_aCiencia _vLiteratura juvenil _96801 |
|
| 650 | 4 |
_aPREGUNTAS Y RESPUESTAS _95370 |
|
| 650 | 4 |
_aAVES _94114 |
|
| 905 | _aInfantil | ||
| 999 |
_c150249 _d150249 |
||